000 00305 a2200157 4500
001 164319
020 _a
040 _cMagnum
100 _aRede, Marcelo
240 1 0 _aA mesopotamia
_lpor
245 1 0 _aA mesopotamia
362 0 _a1899
440 1 _aSaraiva
697 _aPARADIDATICO
942 _cBK
999 _c164319
_d164319